| 000 | 00571nam a22001937a 4500 | ||
|---|---|---|---|
| 003 | OSt | ||
| 005 | 20240227094721.0 | ||
| 008 | 180712t xxu||||| |||| 00| 0 eng d | ||
| 020 | _a9789696290803 | ||
| 040 | _c0 | ||
| 082 |
_a813.54 _bLAN |
||
| 100 | 1 | 0 |
_aLand,Ken School _990407 |
| 245 | 1 | 0 |
_aAwami falahi riyasat ki kahani bechare johnathan ki zubani _cKen School Land |
| 260 |
_aIslamabad; _c2013. |
||
| 300 |
_a220 p.: _c20 cm. |
||
| 650 |
_aEconomics History _9121371 |
||
| 942 |
_2ddc _cBK _aSADA _k813.54 LAN 2013 |
||
| 999 |
_c608286 _d608286 |
||